Red Vs Blue Categories - Statistics

General Stats
  • This quiz has been taken 856 times
    447 since last reset
  • The average score is 47 of 86
Answer Stats
Hint Answer % Correct
Red Team Grif
99%
Red Team Sarge
99%
Blue Team Caboose
98%
Blue Team Church (Alpha)
98%
Blue Team Church (Epsilon)
98%
Red Team Simmons
98%
Red Team Donut
97%
Blue Team Tucker
97%
Agent Freelancer Staff/Agents Carolina
94%
Blue Team Tex
94%
Agent Freelancer Staff/Agents Texas
94%
Agent Freelancer Staff/Agents Washington
94%
Red Team Lopez
92%
AIs Lopez
92%
Agent Freelancer Staff/Agents North Dakota
91%
Agent Freelancer Staff/Agents South Dakota
91%
Agent Freelancer Staff/Agents York
88%
Agent Freelancer Staff/Agents Connecticut
87%
Agent Freelancer Staff/Agents Maine
87%
Agent Freelancer Staff/Agents Florida
85%
AIs Alpha
84%
AIs Delta
81%
AIs Epsilon
80%
Agent Freelancer Staff/Agents Wyoming
80%
Blue Team Sheila
78%
Charon Industries Felix
77%
Charon Industries Locus
77%
AIs Omega
76%
Blue Team Sister
75%
AIs Beta
74%
AIs Theta
73%
AIs Gamma
71%
AIs Sheila
71%
AIs Sigma
70%
Agent Freelancer Staff/Agents The Director
65%
Federal Army of Chorus Doyle
60%
AIs Iota
60%
Blues & Reds Temple
58%
New Republic Soldiers Kimball
57%
AIs Eta
56%
Charon Industries Malcolm Hargrove
55%
Agent Freelancer Staff/Agents Ohio
54%
Agent Freelancer Staff/Agents Georgia
53%
Federal Army of Chorus Dr. Grey
51%
New Republic Soldiers Palomo
51%
Agent Freelancer Staff/Agents Idaho
50%
Charon Industries Sharkface
50%
Charon Industries Aiden Price
49%
New Republic Soldiers Andersmith
49%
Agent Freelancer Staff/Agents The Counselor
49%
Blues & Reds Bif
48%
New Republic Soldiers Bitters
47%
Agent Freelancer Staff/Agents Iowa
47%
Blue Team Junior
44%
Blues & Reds Loco
44%
New Republic Soldiers Jensen
43%
Blues & Reds Surge
41%
AIs F.I.L.S.S.
38%
AIs V.I.C.
37%
AIs Freckles
36%
New Republic Soldiers Matthews
36%
Blues & Reds Cronut
33%
Agent Freelancer Staff/Agents Four Seven Niner
33%
Blues & Reds Gene
33%
AIs Santa
31%
Blues & Reds Buckey
30%
Cosmic Powers Genkins
29%
AIs Lorenzo
24%
Blues & Reds Lorenzo
24%
Agent Freelancer Staff/Agents F.I.L.S.S.
23%
AIs Lopez 2.0
21%
Cosmic Powers Huggins
18%
Cosmic Powers Atlus
17%
Cosmic Powers Muggins
14%
Cosmic Powers Kalirama
13%
New Republic Soldiers Cunningham
9%
Charon Industries Zachary Miller
9%
Cosmic Powers Burnstorm
8%
Federal Army of Chorus Randy
8%
Charon Industries Sherry
8%
New Republic Soldiers Rogers
7%
New Republic Soldiers McCallister
6%
Charon Industries Darryl
5%
New Republic Soldiers Ghanoush
5%
Cosmic Powers Apovos
4%
Charon Industries Terrill
4%
No matching quizzes found
Score Distribution
Percent of People with Each Score
Percentile by Number Answered
Your Score History
You have not taken this quiz since the last reset